000 003300000a22001330004500
020 _a84-239-6668-2
041 0 _aSPA
082 0 4 _aR 133.03 P182d
245 1 0 _aDiccionario de ciencias ocultas / Marisol Palés, Directora Editorial
260 _aMadrid, España : Espasa-Calpe
300 _a1325 Pag
001 3481
942 _cBK
999 _c34145
_d34145